Normal view
MARC view
- Morin, W. J
Entry Personal Name
001 - CONTROL NUMBER
- control field: 40907
003 - CONTROL NUMBER IDENTIFIER
- control field: NUST
005 - DATE AND TIME OF LATEST TRANSACTION
- control field: 20210314131921.0
008 - FIXED-LENGTH DATA ELEMENTS
- fixed length control field: 210314|| aca||aabn | a|a d
040 ## - CATALOGING SOURCE
- Original cataloging agency: NUST
- Transcribing agency: NUST
100 ## - HEADING--PERSONAL NAME
- Personal name: Morin, W. J
670 ## - SOURCE DATA FOUND
- Source citation: Work cat.: (NUST): Morin, W. J., Laterite and lateritic soils and other problem soils of the tropics :, [197-?-
